Statistics for In Too Deep - Eminem Lyrics

Click here to take the quiz!

General Stats

  • This quiz has been taken 45 times
    (42 since last reset)
  • The average score is 311 of 479

Answer Stats

HintAnswer% Correct
I
100%
to
100%
he
96%
too
96%
we
96%
ya
96%
ya,
96%
you,
96%
you
96%
You
96%
you"
96%
a
93%
in
93%
in,
93%
no
93%
the
93%
deep
89%
f***
89%
Girl,
89%
girl,
89%
hear
89%
her
89%
I'm
89%
not
89%
with
89%
could
86%
girlfriend
86%
husband,
86%
is
86%
is,
86%
it?
86%
it
86%
me
86%
me,
86%
never
86%
Verse 1"This
86%
this
86%
who
86%
your
86%
And
82%
and
82%
at
82%
be
82%
but
82%
But
82%
him
82%
him,
82%
it's
82%
just
82%
my
82%
what
82%
When
82%
when
82%
"Where
82%
work,"
82%
Verse 2You're
82%
you're
82%
am
79%
first
79%
happy
79%
said
79%
two
79%
we're
79%
We're
79%
ain't
75%
around
75%
here
75%
All
71%
all
71%
'bout
71%
different
71%
so
71%
So
71%
there
71%
thinking
71%
Thinking
71%
working
71%
as
68%
car,
68%
have
68%
laying
68%
Laying
68%
on
68%
person,
68%
Rather
68%
rather
68%
whatever
68%
are
64%
cause
64%
Cause
64%
'Cause
64%
love
64%
of
64%
Of
64%
ten,
64%
without
64%
worlds
64%
again
61%
been?"
61%
been
61%
Do
61%
get
61%
he's
61%
He's
61%
now
61%
or
61%
out,
61%
out
61%
say,
61%
say
61%
Sex
61%
tell
61%
Tell
61%
text
61%
Then
61%
then
61%
us
61%
chick
57%
emoji,
57%
know
57%
She's
57%
texting
57%
that
57%
Can't
54%
Crying
54%
going
54%
if
54%
If
54%
like
54%
see
54%
asleep,
50%
asleep
50%
don't
50%
Don't
50%
face
50%
freaking
50%
his
50%
hotel
50%
"Let's
50%
meet
50%
met
50%
perfect
50%
three"
50%
want
50%
Yeah,
50%
Yeah
50%
yeah
50%
yeah,
50%
caught
46%
ear
46%
for
46%
other
46%
sneaking
46%
they
46%
went
46%
both
43%
cheating
43%
getting
43%
hurt
43%
off,
43%
other's
43%
question
43%
still
43%
them,
43%
tomorrow
43%
wanna
43%
was
43%
doin'
39%
each
39%
either
39%
house,
39%
I'll
39%
leave
39%
Nah,
39%
objection
39%
sleepin'
39%
tears
39%
thought
39%
wants
39%
Wipe
39%
year
39%
cheap
36%
drive,
36%
ever
36%
lines
36%
pump
36%
you've
36%
being
32%
dirt
32%
got
32%
Motel
32%
rooms
32%
soundly,
32%
stumbles
32%
blurred
29%
couple
29%
involved,
29%
jealous
29%
nobody's
29%
since
29%
years
29%
TYPE CHORUSCHORUS
25%
fault,
25%
help
25%
once
25%
really,
25%
someone
25%
talk
25%
bed
21%
else's
21%
Hope
21%
kitchen
21%
sloppy
21%
super
21%
woah
21%
because
18%
Call
18%
care
18%
floor
18%
I'd
18%
John
18%
keep
18%
long
18%
month
18%
morn'
18%
open
18%
peelin'
18%
Probably
18%
season
18%
selfish
18%
than
18%
everythings,
14%
instead
14%
me's
14%
part
14%
Ritz
14%
share
14%
Silver's
14%
Six
14%
subconsciously
14%
'til
14%
twice
14%
dear,
11%
forever
11%
home,
11%
hoping
11%
poor
11%
ring
11%
second
11%
starin'
11%
stay
11%
string,
11%
wedding
11%
always
7%
haha
7%
hundred,
7%
lover,
7%
rich
7%
secret
7%
game,
4%

Score Distribution

Percentile by Number Answered

Percent of People with Each Score

Your Score History

You have not taken this quiz since the last reset